[Event "St Petersburg Korchnoi Memorial op"]
[Site "St Petersburg"]
[Date "2024.08.17"]
[Round "2"]
[White "Sobolev, Lev Yu"]
[Black "Volkov, Sergei E"]
[Result "0-1"]
[WhiteElo "1630"]
[BlackElo "2036"]
[PlyCount "152"]
[EventDate "2024.08.17"]
[EventType "swiss"]
[EventRounds "9"]
[EventCountry "RUS"]
[SourceTitle "CBM 221 Extra"]
[Source "ChessBase"]
[SourceDate "2024.09.30"]
[SourceVersion "1"]
[SourceVersionDate "2024.09.30"]
[SourceQuality "1"]

1. d4 d5 2. Bf4 e6 3. Nf3 Bd6 4. Ne5 f6 5. Nd3 Ne7 6. Bg3 h5 7. e3 h4 8. Bxd6 Qxd6 9. f4 Nbc6 10. Nc3 a6 11. Qg4 g6 12. 0-0-0 Bd7 13. Nc5 0-0-0 14. Qe2 Nb8 15. a3 Nec6 16. Qd3 Rdg8 17. N3a4 Na7 18. Qb3 Bc6 19. Be2 Nd7 20. Nxd7 Bxa4 21. Qxa4 Qxd7 22. Qxd7+ Kxd7 23. g3 Nc8 24. g4 Nd6 25. Bd3 Rg7 26. Rhg1 g5 27. fxg5 fxg5 28. Rdf1 Ke7 29. h3 Rf8 30. Rxf8 Kxf8 31. Rf1+ Rf7 32. Rxf7+ Kxf7 33. b3 b5 34. Kd2 Kf6 35. Kc3 a5 36. Kb2 e5 37. c3 Ke6 38. Kc2 c6 39. Kd2 Ne8 40. c4 bxc4 41. bxc4 dxc4 42. Bxc4+ Kd6 43. Kd3 Nf6 44. Bf7 Nd7 45. Ke4 exd4 46. exd4 Ke7 47. Bh5 Ke6 48. Bg6 Nf6+ 49. Kf3 Kd5 50. Ke3 Kc4 51. Bf7+ Kc3 52. Be6 a4 53. Bf7 Kb2 54. Kd3 Kxa3 55. Kc4 Ne4 56. Kd3 Nf2+ 57. Kc3 Nxh3 58. Be8 Nf2 59. Bxc6 Nxg4 60. d5 Ne5 61. Kd4 Nf7 62. Kc3 g4 63. Bd7 Ne5 64. Bf5 h3 65. d6 h2 66. Be4 Nf3 67. d7 h1Q 68. d8Q Qc1+ 69. Bc2 Qe3+ 70. Bd3 Qc5+ 71. Bc4 Ne5 72. Qg8 Qxc4+ 73. Qxc4 Nxc4 74. Kxc4 g3 75. Kd3 g2 76. Kc2 g1Q 0-1